000 00962nam a2200301 c 4500
003 BLK
005 20190913121313.0
008 180911b bul|||||r ||||||| ||bul||
010 _a004292
040 _aBLK
041 _aFRE
080 _z949.72949.7139(497.2)
100 1 _aISIRKOV, Anastas
_eпърви автор
245 0 0 _aLe nom de Bulgare
246 _aEclaircissement d'histoire et d'ethnographie
260 _aLausanne
_bLibr. centrale des nationalites
_c1918
300 _a67 с
_c23 см
380 _a9
490 _aBibl. des peuples balkaniques
490 _aЧастна колекция - Академик Михаил Арнаудов
_gДарение - Основен фонд
650 4 _aИстория
650 _aБалкански страни
650 _aБалкански страни
655 _aбългарска история
700 1 _aA. Ichirkoff
852 _aМА 943
942 _cKNG
_n0
944 _aCR
_c1996
_kValK
999 _c344626
_d344626